000 00395nam a2200157Ia 4500
008 230917s9999||||xx |||||||||||||| ||und||
040 _e97847
_aMAIN
041 _aEnglish
082 _a547.139 K127O
100 _aKalsi, P S
245 0 _aOrganic reactions and their mechanisms
250 _a2nd ed.
260 _aNew Delhi
_bNew Age International
_c2006
300 _a650 p.
942 _cBK
999 _c116813
_d116813